000 00481nam a2200169Ia 4500
008 241127s9999||||xx |||||||||||||| ||und||
020 _a9781423902171
_c135.8135.8
040 _beng
_cSSK Library
_erda
082 _a005.133078/SCH
100 _a Judy Scholl -
245 0 _aC++ Programming: From Problem Anallysis To Program Design
250 _a4th ed
260 _b Course Technology Cencage Learning
_c©2009
942 _22ddc
_cBOOK
_nNo
999 _c9041
_d9041
003 OSt
005 20241127152757.0